Hydrometeorological Extremes and Its Local Impacts on Human-Environmental Systems (Record no. 11617)

MARC details
000 -LEADER
fixed length control field 01325nam a2200133Ia 4500
008 - FIXED-LENGTH DATA ELEMENTS--GENERAL INFORMATION
fixed length control field 220615s9999||||xx |||||||||||||| ||und||
020 ## - INTERNATIONAL STANDARD BOOK NUMBER
International Standard Book Number 9783040000000
245 #0 - TITLE STATEMENT
Title Hydrometeorological Extremes and Its Local Impacts on Human-Environmental Systems
546 ## - LANGUAGE NOTE
Language note English[eng]
650 ## - SUBJECT ADDED ENTRY--TOPICAL TERM
Topical term or geographic name entry element flood risk||urban flood forecasting and warning||inland-river combined flood system||LSTM||artificial neural network||neurons||layers||temperature||South Korea||deep learning||reference evapotranspiration||climate change||drought||meteorological extremes||climatic variables||wind speed||extreme El Niño event||tropical cyclone||tropical cyclone-induced precipitation||China||Bayesian approach||nonstationarity||reanalysis products||quantile delta mapping||ranges of flood sizes||specific flood distributions||ungauged watersheds||influence of rainfall characteristics||depth-averaged temperature||decision tree||lifetime maximum intensity||climate variability||seasonality||dengue fever||vector||rainfall||Bangladesh||copula function||drought duration||drought severity||land-ocean temperature contrast/meridional temperature gradient||standardized precipitation evapotranspiration index
700 ## - ADDED ENTRY--PERSONAL NAME
Personal name Kim, Jong-Suk||Dhakal, Nirajan||Jun, Changhyun||Lee, Taesam
856 ## - ELECTRONIC LOCATION AND ACCESS
Uniform Resource Identifier <a href="https://mdpi.com/books/pdfview/book/5254">https://mdpi.com/books/pdfview/book/5254</a>
942 ## - ADDED ENTRY ELEMENTS (KOHA)
Koha item type E-Books
Holdings
Withdrawn status Lost status Damaged status Not for loan Home library Current library Date acquired Total Checkouts Date last seen Price effective from Koha item type
        Kerala University of Digital Sciences, Innovation and Technology Knowledge Centre Kerala University of Digital Sciences, Innovation and Technology Knowledge Centre 15/06/2022   15/06/2022 15/06/2022 E-Books